000 00276nam a22001097a 4500
082 _a355.95491 RIZ'M
100 _aRIZVI, HASAN ASKARI
_974711
245 _aTHE MILITARY AND POLITICS IN PAKISTAN 1947-86
260 _aLAHORE
_bPROGRESSIVE
_c1986
300 _a339P
942 _cBK
999 _c580211
_d580211